Pokémon - Les attaques de Groret - Statistiques

Statistiques générales
  • Ce quiz a été pris 15 fois
    8 depuis la dernière actualisation
  • Le résultat moyen est 8 sur 15
Statistiques - réponses
Niveaux Types Noms des attaques % Correct
Niveau 42 Psy Choc Psy
100%
Niveau 52 Psy Psyko
100%
Départ Psy Choc Mental
75%
Niveau 26 Psy Psykoud'Boul
75%
Niveau 29 Roche Rayon Gemme
75%
Niveau 60 Vol Rebond
75%
Niveau 35 Psy Repos
75%
Niveau 46 Ténèbres Représailles
75%
Niveau 22 Spectre Onde Folie
50%
Départ Psy Rafale Psy
50%
Niveau 35 Normal Ronflement
50%
Départ Normal Trempette
25%
Niveau 18 Normal Boost
0%
Évolution Normal Danse-Folle
0%
Départ Poison Éructation
0%
Aucun quiz correspondant
Distribution des résultats
% des personnes avec chaque résultat
Percentile par nombre de réponses
Votre historique - résultats
Vous n’avez pas pris ce quiz depuis la dernière actualisation